| 000 | 00664nam a22001937a 4500 | ||
|---|---|---|---|
| 003 | OSt | ||
| 005 | 20251215063853.0 | ||
| 008 | 251215b |||||||| |||| 00| 0 eng d | ||
| 020 | _a981-240-263-2 | ||
| 040 |
_aDWC-Main lib _cOC |
||
| 082 | _aCirc. 621.31042 C197e 2000 | ||
| 100 | _aCarlson, B. | ||
| 245 |
_aCircuits: Engineering concepts and analysis of linear electric circuits _cCarlson, Bruce A. |
||
| 260 |
_aPacific Groove : _bThomson Learning, _c c2000 |
||
| 300 |
_axx, 840 pages ; _c25cm. |
||
| 504 | _aInclude index. | ||
| 650 | _2Electric circuits | ||
| 942 |
_2ddc _cBK-CIRC _hCirc. 621.31042 C197e 2000 _kCirc. _n0 |
||
| 999 |
_c7079 _d7079 |
||